Guinea : First Review of the Arrangement Under the Three-Year Extended Credit Facility, Financing Assurances Review, and Request for Modification and for Waivers of Nonobservance of Performance Criteria-Press Release; Staff Report; and Statement by the Executive Director for Guinea.

The Guinean economy is growing at a faster than anticipated pace on the back of buoyant mining activity. The growth momentum is expected to continue, with real growth at about 6 percent in 2018 and over the medium term. However, risks of instability are heightened by the current electoral cycle.

Dades bibliogràfiques
Autor corporatiu: International Monetary Fund. African Dept
Format: Revista
Idioma:English
Publicat: Washington, D.C. : International Monetary Fund, 2018.
Col·lecció:IMF Staff Country Reports; Country Report ; No. 2018/234
Accés en línia:Full text available on IMF
LEADER 01584cas a2200241 a 4500
001 AALejournalIMF018677
008 230101c9999 xx r poo 0 0eng d
020 |c 5.00 USD 
020 |z 9781484369913 
022 |a 1934-7685 
040 |a BD-DhAAL  |c BD-DhAAL 
110 2 |a International Monetary Fund.  |b African Dept. 
245 1 0 |a Guinea :   |b First Review of the Arrangement Under the Three-Year Extended Credit Facility, Financing Assurances Review, and Request for Modification and for Waivers of Nonobservance of Performance Criteria-Press Release; Staff Report; and Statement by the Executive Director for Guinea. 
264 1 |a Washington, D.C. :  |b International Monetary Fund,  |c 2018. 
300 |a 1 online resource (136 pages) 
490 1 |a IMF Staff Country Reports 
500 |a <strong>Off-Campus Access:</strong> No User ID or Password Required 
500 |a <strong>On-Campus Access:</strong> No User ID or Password Required 
506 |a Electronic access restricted to authorized BRAC University faculty, staff and students 
520 3 |a The Guinean economy is growing at a faster than anticipated pace on the back of buoyant mining activity. The growth momentum is expected to continue, with real growth at about 6 percent in 2018 and over the medium term. However, risks of instability are heightened by the current electoral cycle. 
538 |a Mode of access: Internet 
830 0 |a IMF Staff Country Reports; Country Report ;  |v No. 2018/234 
856 4 0 |z Full text available on IMF  |u http://elibrary.imf.org/view/journals/002/2018/234/002.2018.issue-234-en.xml  |z IMF e-Library